书目信息 |
| 题名: |
清风习习
|
|
| 作者: | 路大虎 著 | |
| 分册: | ||
| 出版信息: | 北京 东方出版社 2019.07 |
|
| 页数: | 190页 | |
| 开本: | 24cm | |
| 丛书名: | ||
| 单 册: | ||
| 中图分类: | D261.3 | |
| 科图分类: | ||
| 主题词: | ||
| 电子资源: | ||
| ISBN: | 978-7-5207-1080-0 | |
| 000 | 01173nam0 2200265 450 | |
| 001 | CAL 0120192822688 | |
| 005 | 20230217093111.0 | |
| 010 | @a978-7-5207-1080-0@dCNY45.00 | |
| 100 | @a20190730d2019 em y0chiy0120 ea | |
| 101 | 0 | @achi |
| 102 | @aCN@b110000 | |
| 105 | @ay a 000yy | |
| 106 | @ar | |
| 200 | 1 | @a清风习习@Aqing feng xi xi@e新时代党员干部的八大作风@f路大虎著 |
| 210 | @a北京@c东方出版社@d2019.07 | |
| 215 | @a190页@d24cm | |
| 314 | @a路大虎, 专注于领导力、执行力和政府执政力研究, 著有《实干精神》等。 | |
| 320 | @a有书目 | |
| 330 | @a本书以政治建设为统领, 以中央最新精神为指导, 在研究“两学一做”等系列专题教育的基础上, 归纳、提炼出新时代党员干部需养成的政治过硬风、廉洁自律风、勤政爱民风、担当作为风、求真务实风、贯彻落实风、学习进取风、传承家风等8种作风。这些作风对改进党员干部作风建设, 激发他们的奋斗精神和昂扬斗志, 具有借鉴和参考价值。 | |
| 517 | 1 | @a新时代党员干部的八大作风@Axin shi dai dang yuan gan bu de ba da zuo feng |
| 601 | 02 | @a中国共产党@Azhong guo gong chan dang@x党风建设@x干部教育@j学习参考资料 |
| 690 | @aD261.3@v5 | |
| 701 | 0 | @a路大虎@Alu da hu@4著 |
| 801 | 0 | @aCN@bBJXHZP@c20230228 |
| 905 | @b1386789-93@dD261.3@e2002@f5 | |
| 清风习习:新时代党员干部的八大作风/路大虎著.-北京:东方出版社,2019.07 |
| 190页;24cm |
| ISBN 978-7-5207-1080-0:CNY45.00 |
| 本书以政治建设为统领, 以中央最新精神为指导, 在研究“两学一做”等系列专题教育的基础上, 归纳、提炼出新时代党员干部需养成的政治过硬风、廉洁自律风、勤政爱民风、担当作为风、求真务实风、贯彻落实风、学习进取风、传承家风等8种作风。这些作风对改进党员干部作风建设, 激发他们的奋斗精神和昂扬斗志, 具有借鉴和参考价值。 |
| ● |
| 相关链接 |
|
|
|
|
正题名:清风习习
索取号:D261.3/2002
 
预约/预借
| 序号 | 登录号 | 条形码 | 馆藏地/架位号 | 状态 | 备注 |
| 1 | 1386789 | 213867895 | 第一样本阅览室/ [索取号:D261.3/2002] | 在馆 | |
| 2 | 1386790 | 213867902 | 第一借阅区/ [索取号:D261.3/2002] | 在馆 | |
| 3 | 1386791 | 213867911 | 第一借阅区/ [索取号:D261.3/2002] | 在馆 | |
| 4 | 1386792 | 213867920 | 第一借阅区/ [索取号:D261.3/2002] | 在馆 | |
| 5 | 1386793 | 213867939 | 第一借阅区/ [索取号:D261.3/2002] | 在馆 |